| 000 | 00671nam a22001935i 4500 | ||
|---|---|---|---|
| 001 | 161683 | ||
| 003 | ES-MaACL | ||
| 005 | 20251116063110.0 | ||
| 008 | 940301s1885 sp a |||| | spa d | ||
| 040 |
_aAR _bspa |
||
| 080 | _a821.134.2-14"18" | ||
| 100 | 1 |
_aPeñaranda Carlos, _d1848-1908 _9131101 |
|
| 245 | 1 | 0 |
_aNuevas poesías / _cCarlos Peñaranda. |
| 260 |
_aMadrid : _b[s.n.], _c1885 ( _fEst. Tip. Sucesores de Rivadeneyra, impresores de la Real Casa) |
||
| 300 |
_a284 p., [1] h. de lam. ; _c20 cm. |
||
| 599 | _aLa h. de lam.: "B. Maura 1881 Retrato de Carlos Peñaranda" | ||
| 852 |
_aES-MaACL _jG-9177 _z-- Enc. pasta |
||
| 999 |
_c161683 _d161683 |
||